00313 a2200145 4500020001800000040001000018082001100028100001900039245002900058260002800087300000900115650001700124942001100141999001500152 a2-04-011064-x aISPLB a72b72 91190aMOORE,CH aL architecture sensible  aParis ,bBordas c1981. a187p aArquitectura cLivros c2363d2363